00447 2200157 4500001002100000005001700021006001900038008004100057020002200098035002500120090001500145100001400160245006000174260003800234990001700272INLIS00000000000839820140307105828.0a ||| | 180719| ||| |  a978-979-29-3122-8 a0010-081300000000035 a004.64 - m0 aHernita P00aMandiri merawat dan memperbaiki pc, notebook dan tablet aYogyakartabANDI Yogyakartac2012 a8563/PN/2013